000 00285nam a22001097a 4500
008 160504b xxu||||| |||| 00| 0 eng d
020 _a072162359
041 _aeng
080 _a61
245 _aSmiths Recognizable patterns of human malformation:
_cKenneth Lyons Jones;
942 _2udc
_cBK
999 _c1765
_d1765